|
|
|
|
| LEADER |
01329nam a2200349 i 4500 |
| 001 |
36327 |
| 003 |
BD-DhAAL |
| 005 |
20211118113034.0 |
| 008 |
191002t2013 enka b 001 0 eng d |
| 999 |
|
|
|c 41466
|d 41466
|
| 010 |
|
|
|a 2013004577
|
| 020 |
|
|
|a 9781780672915
|
| 020 |
|
|
|a 9781118403518 (cloth)
|
| 040 |
|
|
|a DLC
|b eng
|e rda
|c DLC
|d DLC
|d BD-DhAAL
|
| 042 |
|
|
|a pcc
|
| 050 |
0 |
0 |
|a NK1710
|b .P55 2014
|
| 082 |
0 |
0 |
|a 747.09
|2 23
|
| 100 |
1 |
|
|a Pile, John F.
|9 35775
|
| 245 |
1 |
2 |
|a A history of interior design /
|c John Pile & Judith Gura.
|
| 250 |
|
|
|a Fourth edition.
|
| 260 |
|
|
|a London :
|b Laurence King Publishing,
|c c2013.
|
| 300 |
|
|
|a 496 pages :
|b illustrations ;
|c 30 cm
|
| 504 |
|
|
|a Includes bibliographical references (pages 477-481) and index.
|
| 526 |
|
|
|a SoAD
|
| 541 |
|
|
|a Zeenat Book Supply Limited
|e 36327
|
| 650 |
|
0 |
|a Interior decoration
|x History.
|9 35776
|
| 650 |
|
0 |
|a Interior architecture
|x History.
|9 35777
|
| 650 |
|
0 |
|a Architecture.
|9 42798
|
| 700 |
1 |
|
|a Gura, Judith.
|9 35778
|
| 852 |
|
|
|a Ayesha Abed Library
|c General Stacks
|
| 942 |
|
|
|2 ddc
|c BK
|
| 952 |
|
|
|0 0
|1 0
|2 ddc
|4 0
|6 747_090000000000000_PIL
|7 0
|9 66582
|a BRACUL
|b BRACUL
|c GEN
|d 2019-09-30
|e Zeenat Book Supply Limited
|g 7520.00
|l 1
|m 14
|o 747.09 PIL
|p 3010036327
|r 2024-09-24
|s 2024-05-20
|t 1
|v 7520.00
|w 2019-09-30
|y BK
|x Transferred from ARC to BRACUL on 28/12/2023
|